[Event "Ambelokipi op 136th"]
[Site "Athens"]
[Date "2013.08.02"]
[Round "3"]
[White "Psoma, Virginia"]
[Black "Karapappas, Nikolaos"]
[Result "1-0"]
[WhiteElo "1550"]
[BlackElo "1005"]
[PlyCount "23"]
[EventDate "2013.07.31"]
[EventType "swiss"]
[EventRounds "7"]
[EventCountry "GRE"]
[SourceTitle "EXT 2024"]
[Source "ChessBase"]
[SourceDate "2023.10.10"]
[SourceVersion "1"]
[SourceVersionDate "2023.10.10"]
[SourceQuality "1"]

1. e4 e5 2. Nf3 Bd6 3. Bc4 Nf6 4. d3 0-0 5. Nc3 c6 6. Bg5 b5 7. Bb3 Ba6 8. a3 b4 9. axb4 Bxb4 10. Nxe5 Qe8 11. Bxf6 gxf6 12. Qg4+ 1-0